LEADER 00961nam--2200361---450- 001 990002988350203316 005 20080526110806.0 035 $a000298835 035 $aUSA01000298835 035 $a(ALEPH)000298835USA01 035 $a000298835 100 $a20071012d1956----km-y0itay50------ba 101 $aita 102 $aIT 105 $aa---||||001yy 200 1 $aCapri - Sorrento - Ischia 210 $aNapoli$cIl Porto$d1956 215 $a204 p.$cill.$d20 cm 225 2 $a<> guide azzurre 410 0$12001$a<> guide azzurre 607 0 $aCapri$xGuide 607 0 $aSorrento$xGuide 607 0 $aIschia$xGuide 676 $a914.504 801 0$aIT$bsalbc$gISBD 912 $a990002988350203316 951 $aFC M 745$b1384 FC$cFC M 959 $aBK 969 $aDILAM 979 $aDILAM$b90$c20071012$lUSA01$h1329 979 $aDILAM1$b90$c20080526$lUSA01$h1108 996 $aCapri - Sorrento - Ischia$91028018 997 $aUNISA LEADER 02469oam 2200733 450 001 9910703543103321 005 20150717152818.0 035 $a(CKB)5470000002432271 035 $a(OCoLC)903209004 035 $a(EXLCZ)995470000002432271 100 $a20150211d2015 ua 0 101 0 $aeng 135 $aur||||||||||| 181 $ctxt$2rdacontent 182 $cc$2rdamedia 183 $acr$2rdacarrier 200 10$aUnited States Coast Guard operations in Alaska $ehearing before a subcommittee of the Committee on Appropriations, United States Senate, One Hundred Twelfth Congress, second session : special hearing, August 6, 2012, Kodiak, AK 210 1$aWashington :$cU.S. Government Publishing Office,$d2015. 215 $a1 online resource (iii, 55 pages) $cillustrations 225 1 $aS. hrg. ;$v112-860 300 $aTitle from title screen (viewed on Feb. 11, 2015). 300 $aPaper version available for sale by the Superintendent of Documents, United States Government Publishing Office. 320 $aIncludes bibliographical references. 517 $aUnited States Coast Guard operations in Alaska 606 $aIce breaking operations$zAlaska 606 $aIce breaking operations$zArctic regions 606 $aClimatic changes$zArctic regions 606 $aNational security$zUnited States 606 $aClimatic changes$2fast 606 $aExpenditures, Public$2fast 606 $aIce breaking operations$2fast 606 $aNational security$2fast 606 $aSearch and rescue operations$2fast 607 $aAlaska$2fast 607 $aArctic Regions$2fast 607 $aUnited States$2fast 608 $aLegislative hearings.$2lcgft 615 0$aIce breaking operations 615 0$aIce breaking operations 615 0$aClimatic changes 615 0$aNational security 615 7$aClimatic changes. 615 7$aExpenditures, Public. 615 7$aIce breaking operations. 615 7$aNational security. 615 7$aSearch and rescue operations. 801 0$bGPO 801 1$bGPO 801 2$bGPO 801 2$bOCLCQ 801 2$bOCLCO 801 2$bSTF 801 2$bGPO 801 2$bUBY 801 2$bOCLCO 801 2$bCOO 801 2$bOCLCO 801 2$bOCLCF 801 2$bOCLCA 801 2$bGPO 906 $aBOOK 912 $a9910703543103321 996 $aUnited States Coast Guard operations in Alaska$93506868 997 $aUNINA